| 000 | 00475nam a22001577a 4500 | ||
|---|---|---|---|
| 999 |
_c523641 _d523641 |
||
| 003 | NUST | ||
| 005 | 20190516102707.0 | ||
| 008 | 190516b ||||| |||| 00| 0 eng d | ||
| 038 | _aAZHAR | ||
| 082 |
_a301.452 _bMAR |
||
| 100 | _4Victor E. Marsden | ||
| 245 |
_aWorld conquest through world Government (Yahudi Protocols) _bthe protocols of the learned elders of zion _cVictor e Marsden |
||
| 260 |
_aLahore _bNagarshat publishers _c2010 |
||
| 300 | _a230p | ||
| 942 |
_2ddc _cBK |
||